000 00470nam a2200169Ia 4500
005 20250508160010.0
008 008 250505s9999 xx 000 0 eng d
037 _aBooks to be hide in OPAC
040 _aFEDL
_beng
_cFEDL
041 _aeng
_2eng
084 _a379.145 489, CEY/O
_qFEDL
245 0 _aEducation ordinance, No. 31 of 1939
260 _c1945
300 _a647-677p.
942 _cHB
_h379.145 489, CEY/O
999 _c1360865
_d1360865